000 00942nam a2200277Ia 4500
003 OSt
005 20250203151615.0
008 210210b2016 xxu||||| |||| 00| 0 eng d
020 _a9788193007938
040 _cAL
041 _aKannada
082 _aK894.4 MALK
100 _aMALLEPURAM VENKATESHA (G)
_dಮಲ್ಲೇಪುರಂ ಜಿ ವೆಂಕಟೇಶ
_9197259
245 _aKratikathana: samskrati mattu vyaktimatva kurita barahagalu
_bಕೃತಿಕಥನ: ಸಂಸ್ಕೃತಿ ಮತ್ತು ವ್ಯಕ್ತಿಮತ್ವ ಕುರಿತು ಬರಹಗಳು
260 _aBengaluru
_bUdaya Prakashana
_c2016
300 _axii,160
650 _avyaktimatva
_9197260
650 _asamskrati
_9197261
650 _amattu
_9197262
650 _akurita
_9197263
650 _aKratikathana:
_9197264
650 _abarahagalu
_9197265
690 _aKannada Prose
_9197266
906 _a071232
942 _2ddc
_cBK
999 _c120577
_d120577